000 00391nam a22001697a 4500
003 MPLRDC
005 20220104123501.0
008 210129b ||||| |||| 00| 0 eng d
082 _a528.975 YS
100 _a隐僧编
245 _a南苍包争刀
_c
250 _a初版
260 _a
_b艺美图书公司
_c1982
300 _b
650 _a中国武术
942 _cBK
_o528.975 YS
999 _c11789
_d11779